|
|
|
|
| LEADER |
02660nam a2200697 a 4500 |
| 001 |
nkc20091967163 |
| 003 |
CZ PrNK |
| 005 |
20090925095504.0 |
| 007 |
ta |
| 008 |
090724s2009 xr f 000 0 cze |
| 015 |
|
|
|a cnb001967163
|
| 020 |
|
|
|a 978-80-7021-852-5
|q (brož.)
|
| 035 |
|
|
|a (OCoLC)436262202
|
| 040 |
|
|
|a ABA001
|b cze
|
| 043 |
|
|
|a e-xr---
|
| 072 |
|
7 |
|a 28
|x Islám
|2 Konspekt
|9 5
|
| 080 |
|
|
|a 28
|2 MRF
|
| 080 |
|
|
|a 28-1/-9
|2 MRF
|
| 080 |
|
|
|a 27-67:28
|2 MRF
|
| 080 |
|
|
|a 001.83
|2 MRF
|
| 080 |
|
|
|a 28-726.6
|2 MRF
|
| 080 |
|
|
|a 2-67
|2 MRF
|
| 080 |
|
|
|a (437.3)
|2 MRF
|
| 080 |
|
|
|a (042.3)
|2 MRF
|
| 080 |
|
|
|a (082)
|2 MRF
|
| 100 |
1 |
|
|a Červenková, Denisa,
|d 1972-
|7 mzk2009521596
|4 aut
|
| 245 |
1 |
0 |
|a Islám v českých zemích /
|c Denisa Červenková, Albert-Peter Rethmann
|
| 250 |
|
|
|a Vyd. 1.
|
| 260 |
|
|
|a Praha :
|b CMS - Center for Migration Studies,
|c 2009
|
| 300 |
|
|
|a 153 s. ;
|c 21 cm
|
| 500 |
|
|
|a Vydalo Centrum pro studium migrace, Katolická teologická fakulta Univerzity Karlovy v nakl. Vyšehrad
|
| 504 |
|
|
|a Obsahuje bibliografické odkazy
|
| 650 |
0 |
7 |
|a islám
|7 ph114798
|x interdisciplinární aspekty
|2 czenas
|
| 650 |
0 |
7 |
|a učení islámu
|7 ph164204
|2 czenas
|
| 650 |
0 |
7 |
|a křesťanství a islám
|7 ph115076
|x interdisciplinární aspekty
|2 czenas
|
| 650 |
0 |
7 |
|a islám
|7 ph114798
|z Česko
|2 czenas
|
| 650 |
0 |
7 |
|a muslimové
|7 ph123046
|z Česko
|2 czenas
|
| 650 |
0 |
7 |
|a křesťanství a islám
|7 ph115076
|z Česko
|2 czenas
|
| 650 |
0 |
7 |
|a mezináboženský dialog
|7 ph138524
|z Česko
|2 czenas
|
| 650 |
0 |
9 |
|a Islam
|x interdisciplinary aspects
|2 eczenas
|
| 650 |
0 |
9 |
|a Islamic doctrine
|2 eczenas
|
| 650 |
0 |
9 |
|a Christianity and Islam
|x interdisciplinary aspects
|2 eczenas
|
| 650 |
0 |
9 |
|a Islam
|z Czechia
|2 eczenas
|
| 650 |
0 |
9 |
|a Muslims
|z Czechia
|2 eczenas
|
| 650 |
0 |
9 |
|a Christianity and Islam
|z Czechia
|2 eczenas
|
| 650 |
0 |
9 |
|a interreligious dialogue
|z Czechia
|2 eczenas
|
| 655 |
|
7 |
|a přednášky
|7 fd133199
|2 czenas
|
| 655 |
|
7 |
|a sborníky
|7 fd163935
|2 czenas
|
| 655 |
|
9 |
|a lectures
|2 eczenas
|
| 655 |
|
9 |
|a collections of works
|2 eczenas
|
| 700 |
1 |
|
|a Rethmann, Albert-Peter,
|d 1960-
|7 js20050411014
|4 aut
|
| 710 |
2 |
|
|a Univerzita Karlova.
|b Centrum pro studium migrace
|7 kn20090211032
|
| 856 |
4 |
1 |
|u http://www.digitalniknihovna.cz/mzk/uuid/uuid:61de77b0-eca7-11e3-b72e-005056827e52
|y Digitalizovaný dokument
|x NDK
|
| 910 |
2 |
|
|a BOA001
|b 2-1227.264
|
| 928 |
9 |
|
|a Vyšehrad
|
| 928 |
9 |
|
|a Centrum pro studium migrace
|
| 928 |
9 |
|
|a Center for Migration Studies
|
| 990 |
|
|
|a BK
|
| 995 |
|
|
|a 01
|
| 991 |
|
|
|b 200908
|c NOV
|
| 996 |
6 |
|
|b 2610384449
|c 2-1227.264
|l MZK
|r Sklad / do 1 hodiny
|n 31
|p p.v.
|w 001091166
|u 000010
|a 1
|e BOA001
|j MZK50
|s P
|